Memoria reservada de Don Domingo Moriones sobre el Gobierno de Filipinas (1877-1880) / (Record no. 187012)

MARC details
000 -LEADER
campo de control de longitud fija 00829nam a2200217 i 4500
001 - NÚMERO DE CONTROL
campo de control 187012
003 - IDENTIFICADOR DE NÚMERO DE CONTROL
campo de control SpMaBN
005 - FECHA Y HORA DE LA ÚLTIMA TRANSACCIÓN
campo de control 20230906222809.0
008 - DATOS DE LONGITUD FIJA--INFORMACIÓN GENERAL
campo de control de longitud fija 170328s1988 sp abc |||| |dspa d
020 ## - NÚMERO INTERNACIONAL ESTÁNDAR DEL LIBRO
Número Internacional Estándar del Libro 84-7719-083-6
080 ## - NÚMERO DE LA CLASIFICACIÓN DECIMAL UNIVERSAL
Número de la Clasificación Decimal Universal 959.9"1812/98"(093)
100 1# - ENTRADA PRINCIPAL--NOMBRE DE PERSONA
Nombre de persona Moriones, Domingo
Títulos y otros términos asociados al nombre Marqués de Oroquieta.
9 (RLIN) 162212
245 10 - MENCIÓN DEL TÍTULO
Título Memoria reservada de Don Domingo Moriones sobre el Gobierno de Filipinas (1877-1880) /
Mención de responsabilidad, etc. edición y notas de Jesús Paniagua Pérez.
260 ## - PUBLICACIÓN, DISTRIBUCIÓN, ETC.
Lugar de publicación, distribución, etc. León :
Nombre del editor, distribuidor, etc. Universidad, Servicio de Publicaciones,
Fecha de publicación, distribución, etc. [1988]
300 ## - DESCRIPCIÓN FÍSICA
Extensión 206 p. :
Otras características físicas il., mapas, 1 retr. ;
Dimensiones 24 cm.
504 ## - NOTA DE BIBLIOGRAFÍA, ETC.
Nota de bibliografía, etc. Bibliografía: p. 203-206.
651 #7 - PUNTO DE ACCESO ADICIONAL DE MATERIA--NOMBRE GEOGRÁFICO
Nombre geográfico Filipinas-
Subdivisión general Historia-
Subdivisión cronológica 1812-1898-
Subdivisión de forma Fuentes.
9 (RLIN) 162213
700 1# - ENTRADA AGREGADA--NOMBRE PERSONAL
Nombre de persona Paniagua Pérez, Jesús.
9 (RLIN) 88789
710 2# - ENTRADA AGREGADA--NOMBRE DE ENTIDAD CORPORATIVA
Nombre de entidad corporativa o nombre de jurisdicción como elemento de entrada Universidad de León.
9 (RLIN) 7200
852 ## - LOCALIZACIÓN
Ubicación ES-MaACL
Número de control de estantería L-31331
Holdings
Estatus retirado Estado de pérdida Estado de daño No para préstamo Biblioteca de origen Biblioteca actual Ubicación en estantería Fecha de adquisición Fuente de adquisición Total de préstamos Signatura topográfica completa Código de barras Visto por última vez Precio de reemplazo Tipo de ítem Koha
        Biblioteca del Ateneo de Madrid Biblioteca del Ateneo de Madrid Depósito 2 28/03/2017     L-31331 1197294 23/02/2023 23/02/2023 Libro impreso